LEADER 00952nam0-22003251i-450- 001 990007982120403321 005 20120224122037.0 010 $a88-832-5124-5 035 $a000798212 035 $aFED01000798212 035 $a(Aleph)000798212FED01 035 $a000798212 100 $a20050111d2004----km-y0itay50------ba 101 0 $aita 102 $aIT 200 1 $aMemorie del cameriere di Mussolini$fQuinto Navarra$gpreceduto da Stefano Benni Sull'arte del servire 210 $aNapoli$cL'ancora del Mediterraneo$d2004 215 $a190 p.$d21 cm 225 1 $aOdisseo$v19 610 0 $aMussolini, Benito 676 $a945.091 509 2$v21$zita 700 1$aNavarra,$bQuinto$0284604 702 1$aBenni,$bStefano 801 0$aIT$bUNINA$gRICA$2UNIMARC 901 $aBK 912 $a990007982120403321 952 $aCollez. 1917 (19)$b41390$fFSPBC 959 $aFSPBC 996 $aMemorie del cameriere di Mussolini$9212812 997 $aUNINA